|
|
|
|
| LEADER |
00000nam0a2200000 4500 |
| 001 |
346523 |
| 005 |
20240116111142.0 |
| 035 |
|
|
|a (RuTPU)RU\TPU\book\378404
|
| 090 |
|
|
|a 346523
|
| 100 |
|
|
|a 20211007d2020 m y0rusy50 ca
|
| 101 |
0 |
|
|a rus
|
| 102 |
|
|
|a RU
|
| 105 |
|
|
|a a j 001zy
|
| 200 |
1 |
|
|a Преобразователи электрической энергии силовой электроники
|e учебное пособие
|h Ч. 1
|f В. П. Петрович, А. В. Глазачев, С. К. Земан, В. В. Тимошкин
|g Национальный исследовательский Томский политехнический университет
|
| 210 |
|
|
|a Томск
|c Изд-во ТПУ
|d 2020
|
| 215 |
|
|
|a 184 с.
|c ил.
|
| 320 |
|
|
|a Библиогр.: с. 171-172
|
| 330 |
|
|
|a В пособии представлены краткие теоретические сведения о полупроводниковых элементах: диодах, биполярных транзисторах, полевых транзисторах, комбинированных транзисторах, тиристорах и т. д. Разобраны ключевые вопросы и проблемы в силовой электронике на базе задач для неуправляемых и управляемых выпрямителей. Предложенный подход позволяет рассчитать основные параметры силовых преобразователей в различных режимах. Предназначено для студентов всех форм обучения по направлению 13.03.02 "Электроэнергетика и электротехника".
|
| 452 |
|
1 |
|0 (RuTPU)RU\TPU\book\378069
|t Ч. 1
|f В. П. Петрович, А. В. Глазачев, С. К. Земан, В. В. Тимошкин
|d 2020
|
| 606 |
1 |
|
|a Электроника силовая
|2 stltpush
|3 (RuTPU)RU\TPU\subj\20340
|9 45449
|
| 610 |
1 |
|
|a силовые полупроводниковые ключи
|
| 610 |
1 |
|
|a неуправляемые выпрямители
|
| 610 |
1 |
|
|a управляемые выпрямители
|
| 610 |
1 |
|
|a коммутационные процессы
|
| 610 |
1 |
|
|a учебные пособия
|
| 610 |
1 |
|
|a труды учёных ТПУ
|
| 675 |
|
|
|a 621.314.632(075.8)
|v 4
|
| 701 |
|
1 |
|a Петрович
|b В. П.
|c специалист в области электротехники
|c доцент Томского политехнического университета, кандидат технических наук
|f 1940-
|g Виталий Петрович
|3 (RuTPU)RU\TPU\pers\29373
|9 13955
|
| 701 |
|
1 |
|a Глазачев
|b А. В.
|c специалист в области электроники
|c доцент Томского политехнического университета, кандидат технических наук
|f 1974-
|g Александр Владимирович
|3 (RuTPU)RU\TPU\pers\26444
|9 12147
|
| 701 |
|
1 |
|a Земан
|b С. К.
|g Святослав Константинович
|
| 701 |
|
1 |
|a Тимошкин
|b В. В.
|c специалист в области электротехники
|c доцент Томского политехнического университета, кандидат технических наук
|f 1986-
|g Вадим Владимирович
|3 (RuTPU)RU\TPU\pers\26467
|9 12170
|
| 712 |
0 |
2 |
|a Национальный исследовательский Томский политехнический университет
|c (2009- )
|3 (RuTPU)RU\TPU\col\15902
|9 26305
|
| 801 |
|
1 |
|a RU
|b 63413507
|c 20211007
|
| 801 |
|
2 |
|a RU
|b 63413507
|c 20220113
|g RCR
|
| 942 |
|
|
|c BK
|